Adopting AI for Business Transformation. (Record no. 4608)

MARC details
000 -CABECERA
campo de control de longitud fija 02480nam a22003613i 4500
001 - NÚMERO DE CONTROL
campo de control 9952946469205158
005 - FECHA Y HORA DE LA ÚLTIMA TRANSACCIÓN
campo de control 20250509104128.0
006 - CÓDIGOS DE INFORMACIÓN DE LONGITUD FIJA--CARACTERÍSTICAS DEL MATERIAL ADICIONAL
campo de control de longitud fija m o d |
007 - CAMPO FIJO DE DESCRIPCIÓN FÍSICA--INFORMACIÓN GENERAL
campo de control de longitud fija cr cnu||||||||
008 - DATOS DE LONGITUD FIJA--INFORMACIÓN GENERAL
campo de control de longitud fija 241206s2024 xx o ||||0 eng d
020 ## - NÚMERO INTERNACIONAL ESTÁNDAR DEL LIBRO
Número Internacional Estándar del Libro 9789365891546
035 ## - NÚMERO DE CONTROL DEL SISTEMA
Número de control de sistema (MiAaPQ)EBC31812020
035 ## - NÚMERO DE CONTROL DEL SISTEMA
Número de control de sistema (Au-PeEL)EBL31812020
035 ## - NÚMERO DE CONTROL DEL SISTEMA
Número de control de sistema (CKB)36815620600041
035 ## - NÚMERO DE CONTROL DEL SISTEMA
Número de control de sistema (FR-PaCSA)88961681
035 ## - NÚMERO DE CONTROL DEL SISTEMA
Número de control de sistema (FRCYB88961681)88961681
035 ## - NÚMERO DE CONTROL DEL SISTEMA
Número de control de sistema (DE-B1597)732204
035 ## - NÚMERO DE CONTROL DEL SISTEMA
Número de control de sistema (DE-B1597)9789365891546
035 ## - NÚMERO DE CONTROL DEL SISTEMA
Número de control de sistema (EXLCZ)9936815620600041
040 ## - FUENTE DE LA CATALOGACIÓN
Centro catalogador/agencia de origen MiAaPQ
Lengua de catalogación eng
Normas de descripción rda
-- pn
Centro/agencia transcriptor MiAaPQ
Centro/agencia modificador MiAaPQ
044 ## - CÓDIGO DEL PAÍS DE LA ENTIDAD EDITORA/PRODUCTORA
Código MARC del país pl
Código ISO del país PL
100 ## - ENTRADA PRINCIPAL--NOMBRE DE PERSONA
Nombre de persona Marchiotto, Andrea.
9 (RLIN) 25084
245 10 - MENCIÓN DE TÍTULO
Título Adopting AI for Business Transformation.
250 ## - MENCIÓN DE EDICIÓN
Mención de edición First edition
264 #1 - PRODUCCIÓN, PUBLICACIÓN, DISTRIBUCIÓN, FABRICACIÓN Y COPYRIGHT
Producción, publicación, distribución, fabricación y copyright Delhi :
Nombre del de productor, editor, distribuidor, fabricante BPB Publications,
Fecha de producción, publicación, distribución, fabricación o copyright 2024.
264 #4 - PRODUCCIÓN, PUBLICACIÓN, DISTRIBUCIÓN, FABRICACIÓN Y COPYRIGHT
Fecha de producción, publicación, distribución, fabricación o copyright ©2025.
300 ## - DESCRIPCIÓN FÍSICA
Extensión 318 pages
505 00 - NOTA DE CONTENIDO CON FORMATO
Título Adopting AI for Business Transformation: Complete guide to harness AI to stay competitive and future proof (English Edition)
520 ## - SUMARIO, ETC.
Sumario, etc. Adopting AI for Business Transformation offers a comprehensive guide for businesses ready to transition into AI and automation and transform their operations and ways of working. The book focuses on various industries providing practical insights and step-by-step guides for AI adoption and integration.Through real-world examples, expert insights, and case studies, the author shares his experience in product management, e-commerce, and digital platforms, presenting strategies for embracing AI and overcoming implementation challenges. Learn the key principles of AI adoption, get guidance on generative AI and large language models, and how to best leverage their power with advanced prompt engineering, organizational structures, workforce education and upskilling, cloud-based business models, and ready-to-use AI frameworks that have successfully transformed traditional businesses into AI-driven, modern, efficient business models.By the end of this book, you will understand how to adopt and integrate AI, empowering your team to leverage AI in your business operations, reducing the time spent on operational tasks, and unlocking new growth opportunities. By adopting the strategies in this book, you will reduce operational costs, improve efficiency, and future-proof your business.
588 ## - NOTA DE FUENTE DE LA DESCRIPCIÓN
Nota de fuente de la descripción Description based on publisher supplied metadata and other sources.
650 #0 - PUNTO DE ACCESO ADICIONAL DE MATERIA--TÉRMINO DE MATERIA
Término de materia o nombre geográfico como elemento de entrada Artificial intelligence
Subdivisión general Business applications
9 (RLIN) 25125
942 ## - ELEMENTOS DE ENTRADA AGREGADA (KOHA)
Fuente del sistema de clasificación o colocación Clasificación de Library of Congress
Holdings
Estado de retiro Estado de pérdida Fuente del sistema de clasificación o colocación Estado dañado No para préstamo Biblioteca de origen Biblioteca actual Fecha de adquisición Total de préstamos Signatura topográfica completa Código de barras Fecha visto por última vez Número de copia Precio válido a partir de Tipo de ítem Koha
    Clasificación de Library of Congress     TBS Barcelona TBS Barcelona 09/05/2025   HD30.2 MAR B05727 09/05/2025 1 09/05/2025 Book

Powered by Koha